| 000 | 00827nam a22002415a 4500 | ||
|---|---|---|---|
| 005 | 20201128013208.0 | ||
| 008 | 160207t2003 njua frb 001 0 eng d | ||
| 020 | _a0131014595 | ||
| 020 | _a9780131014596 | ||
| 040 |
_aEG-ScBUE _beng _cEG-ScBUE _dEG-ScBUE |
||
| 082 | 0 | 4 |
_a658.40380285574 _bMAR _222 |
| 100 | 1 |
_aMarakas, George M. _919977 |
|
| 245 | 1 | 0 |
_aModern data warehousing, mining, and visualization : _bcore concepts / _cGeorge M. Marakas. |
| 260 |
_aUpper Saddle River : _bPrentice Hall, _cc.2003. |
||
| 300 |
_axiv, 274 p. : _bill. ; _c24 cm. |
||
| 504 | _aIncludes bibliographical references and index. | ||
| 650 | 7 |
_aData warehousing. _2BUEsh |
|
| 650 | 7 |
_aData mining. _2BUEsh |
|
| 650 | 7 |
_aVisualization _xData processing. _2BUEsh _9896 |
|
| 651 | _2BUEsh | ||
| 653 |
_bCOMSCI _cNovember2017 |
||
| 942 | _2ddc | ||
| 999 |
_c587 _d587 |
||